• 首页
  • 本馆介绍
  • 公告通知
  • 最新文献
  • 馆藏检索
  • 电子资源
  • 读者导购
  • 参考咨询
  • 我的图书馆
  • 登录
  • 详细信息显示
  • 放入我的书架
  • 预约/预借图书
  • 作者相关作品
  • 分类相关作品
  • 丛书相关作品
  • 出版社相关作品

书目信息

  • 表格格式
  • 工作单格式
  • 卡片格式
题名:
基于数字化学习的现代教育技术教程
    
 
作者: 陈金华 主编
分册:  
出版信息: 北京   北京师范大学出版社  2011
页数: 298页
开本: 23cm
丛书名: 大学公共课系列教材
单 册:
中图分类: G40-057
科图分类:
主题词: 教育技术学--jiao yu ji shu xue--高等学校--教材
电子资源:
ISBN: 978-7-303-12076-5
000 01227nam 2200289 450
001 012001005117
005 20140101111446.0
010    @a978-7-303-12076-5@dCNY31.00
092    @b华现11-063-048
099    @aCAL 012011075472
100    @a20110404d2011 ekmy0chiy50 ea
101 0  @achi@aeng
102    @aCN@b110000
105    @aak a 000yy
106    @ar
200 1  @a基于数字化学习的现代教育技术教程@Aji yu shu zi hua xue xi de xian dai jiao yu ji shu jiao cheng@f主编陈金华
210    @a北京@c北京师范大学出版社@d2011
215    @a298页@c图@d23cm
225 2  @a大学公共课系列教材@Ada xue gong gong ke xi lie jiao cai
320    @a有书目
330    @a全书内容突出新颖性、实践性和实用性,主要内容包括:现代教育技术与教育信息化、现代教学媒体与教学环境、数字化学习资源与运程教育、多媒体素材的获取与处理、多媒体课件设计与课程融合、信息化教学设计与评价、现代教育技术实训项目等。重点培养学生基于互联网的自主探究式学习能力,尽量采用案例、示例、图示等直观手段描述课程内容。
410  0 @12001@a大学公共课系列教材
606 0  @a教育技术学@Ajiao yu ji shu xue@x高等学校@j教材
690    @aG40-057@v4
701  0 @a陈金华@Achen jin hua@4主编
801  2 @aCN@b江苏凤凰@c20191020
905    @b1207406-9@dG40-057@e1082@f4
    
    基于数字化学习的现代教育技术教程/主编陈金华.-北京:北京师范大学出版社,2011
    298页:图;23cm.-(大学公共课系列教材)
    
    
    ISBN 978-7-303-12076-5:CNY31.00
    全书内容突出新颖性、实践性和实用性,主要内容包括:现代教育技术与教育信息化、现代教学媒体与教学环境、数字化学习资源与运程教育、多媒体素材的获取与处理、多媒体课件设计与课程融合、信息化教学设计与评价、现代教育技术实训项目等。重点培养学生基于互联网的自主探究式学习能力,尽量采用案例、示例、图示等直观手段描述课程内容。
●
相关链接 在E读中查询图书 在五车中查询图书 在当当中查询图书 在豆瓣中查询图书


正题名:基于数字化学习的现代教育技术教程     索取号:G40-057/1082         预约/预借

序号 登录号 条形码 馆藏地/架位号 状态 备注
1 1207406   212074066   第一样本阅览室/ [索取号:G40-057/1082] 在馆    
2 1207407   212074075   教育系资料室/ [索取号:G40-057/1082] 在馆    
3 1207408   212074084   教育系资料室/ [索取号:G40-057/1082] 在馆    
4 1207409   212074093   第四借阅区/ [索取号:G40-057/1082] 在馆    
唐山师范学院图书馆 欢迎您!
大连网信软件有限公司© 版权所有